Некоторые особенности переноса излучения в пространственно ограниченных дисперсных средах; Известия Томского политехнического университета [Известия ТПУ]; Т. 303, вып. 3
| Parent link: | Известия Томского политехнического университета [Известия ТПУ]/ Томский политехнический университет (ТПУ).— , 2000- Т. 303, вып. 3.— 2000.— [С. 91-104] |
|---|---|
| Autor principal: | |
| Altres autors: | |
| Sumari: | Заглавие с титульного листа Электронная версия печатной публикации В работе представлено обобщение результатов исследований процесса переноса излучения в пространственно ограниченных дисперсных средах. Предложен аналитический метод расчета. Получен ряд фундаментальных результатов: нарушение принципа взаимности при распространении излучения в слоисто-неоднородной среде; явление просветления при дроблении дисперсной среды; увеличение поглощения и альбедо в средах с высокой степенью симметрии; деформация контура спектральной линии при изменении поперечных оптических размеров рассеивающей среды. |
| Idioma: | rus |
| Publicat: |
2000
|
| Matèries: | |
| Accés en línia: | http://www.lib.tpu.ru/fulltext/v/Bulletin_TPU/2000/v303/i3/10.pdf |
| Format: | MixedMaterials Electrònic Capítol de llibre |
| KOHA link: | https://koha.lib.tpu.ru/cgi-bin/koha/opac-detail.pl?biblionumber=162892 |
MARC
| LEADER | 00000nla2a2200000 4500 | ||
|---|---|---|---|
| 001 | 162892 | ||
| 005 | 20240202212308.0 | ||
| 035 | |a (RuTPU)RU\TPU\book\176680 | ||
| 035 | |a RU\TPU\book\176668 | ||
| 090 | |a 162892 | ||
| 100 | |a 20090629d2000 k y0rusy50 ca | ||
| 101 | 0 | |a rus | |
| 102 | |a RU | ||
| 135 | |a drnn ---uucaa | ||
| 181 | 0 | |a i | |
| 182 | 0 | |a b | |
| 200 | 1 | |a Некоторые особенности переноса излучения в пространственно ограниченных дисперсных средах |f Б. В. Горячев, С. Б. Могильницкий | |
| 203 | |a Текст |c электронный | ||
| 215 | |a 1 файл (7 Мб) | ||
| 300 | |a Заглавие с титульного листа | ||
| 300 | |a Электронная версия печатной публикации | ||
| 320 | |a [Библиогр.: с. 104 (19 назв.)] | ||
| 330 | |a В работе представлено обобщение результатов исследований процесса переноса излучения в пространственно ограниченных дисперсных средах. Предложен аналитический метод расчета. Получен ряд фундаментальных результатов: нарушение принципа взаимности при распространении излучения в слоисто-неоднородной среде; явление просветления при дроблении дисперсной среды; увеличение поглощения и альбедо в средах с высокой степенью симметрии; деформация контура спектральной линии при изменении поперечных оптических размеров рассеивающей среды. | ||
| 337 | |a Adobe Reader | ||
| 461 | 1 | |0 (RuTPU)RU\TPU\book\176237 |t Известия Томского политехнического университета [Известия ТПУ] |f Томский политехнический университет (ТПУ) |d 2000- | |
| 463 | 1 | |0 (RuTPU)RU\TPU\book\176638 |t Т. 303, вып. 3 |o тематический выпуск |f под ред. В. Л. Ульянова |v [С. 91-104] |d 2000 | |
| 610 | 1 | |a дисперсные среды | |
| 610 | 1 | |a перенос излучения | |
| 610 | 1 | |a особенности | |
| 610 | 1 | |a пространственно ограниченная среда | |
| 610 | 1 | |a труды учёных ТПУ | |
| 610 | 1 | |a электронный ресурс | |
| 675 | |a 535.36 |v 3 | ||
| 700 | 1 | |a Горячев |b Б. В. |c физик |c доцент Томского политехнического университета, кандидат физико-математических наук |f 1947- |g Борис Валентинович |3 (RuTPU)RU\TPU\pers\25460 |9 11399 | |
| 701 | 1 | |a Могильницкий |b С. Б. |c доцент каф. общей физики (ОФ) ЕНМФ, ТПУ |c кандидат физико-математических наук |f 1951- |g Сергей Борисович |3 (RuTPU)RU\TPU\pers\25470 | |
| 801 | 1 | |a RU |b 63413507 |c 20090623 |g PSBO | |
| 801 | 2 | |a RU |b 63413507 |c 20100407 |g PSBO | |
| 856 | 4 | |u http://www.lib.tpu.ru/fulltext/v/Bulletin_TPU/2000/v303/i3/10.pdf | |
| 942 | |c CF | ||